| 000 | 00640nam a22002057a 4500 | ||
|---|---|---|---|
| 003 | OSt | ||
| 005 | 20140310181732.0 | ||
| 008 | 130316t xxu||||| |||| 00| 0 eng d | ||
| 020 | _a9710626485 | ||
| 050 |
_aQC 37 _b.Si587 2006 |
||
| 082 |
_aFIL 530.02 _bSi3m 2007 |
||
| 100 | _aSilverio, Angelina A. | ||
| 245 |
_aExploring life through Science : Physics. : _blaboratory manual / _cAngelina A. Silverio and Gloria de Castro Bernas. |
||
| 260 |
_aQuezon City : _bPhoenix Publishing House, Inc., _c2006. |
||
| 300 |
_axiii, 615 p. : _b col. ill. ; _c26 cm. |
||
| 650 | _aPhysics | ||
| 942 |
_2lcc _cBK |
||
| 999 |
_c2425 _d2425 |
||